Central Library OPAC University of Rajshahi

Images from the Arab world : (Record no. 22834)

MARC details
000 -LEADER
fixed length control field 00894cam a22002531 4500
001 - CONTROL NUMBER
control field 22834
003 - CONTROL NUMBER IDENTIFIER
rucl marc code BD-RjUL
005 - DATE AND TIME OF LATEST TRANSACTION
control field 20211209000847.0
008 - FIXED-LENGTH DATA ELEMENTS--GENERAL INFORMATION
fixed length control field 140309s1944 enk 000 0 eng
035 ## - SYSTEM CONTROL NUMBER
System control number (BD-RjUL)22899
040 ## - CATALOGING SOURCE
Original cataloging agency DLC
Transcribing agency MB
Modifying agency DLC
-- BD-RjUL
Language of cataloging eng
041 1# - LANGUAGE CODE
Language code of text/sound track or separate title engara
082 00 - DEWEY DECIMAL CLASSIFICATION NUMBER
Classification number 892.7082
Author mark and year HOI 1944
100 1# - MAIN ENTRY--PERSONAL NAME
Personal name Howarth, Herbert,
Dates associated with a name 1900-
9 (RLIN) 53981
245 10 - TITLE STATEMENT
Title Images from the Arab world :
Statement of responsibility, etc. by Herbert Howarth and Ibrahim Shukrallah.
Remainder of title fragments of Arab literature translated and paraphrased with variations and comments /
260 ## - PUBLICATION, DISTRIBUTION, ETC. (IMPRINT)
Place of publication, distribution, etc. London,
Name of publisher, distributor, etc. The Pilot press ltd.
Date of publication, distribution, etc. [1944]
300 ## - PHYSICAL DESCRIPTION
Pagination xvi, 17-143 p. ;
Size 24 cm.
500 ## - GENERAL NOTE
General note "First published September, 1944."
650 #0 - SUBJECT ADDED ENTRY--TOPICAL TERM
Topical term or geographic name as entry element Arabic literature
General subdivision Translations into English.
9 (RLIN) 70403
700 1# - ADDED ENTRY--PERSONAL NAME
Personal name Shukrallah, Ibrahim,
Relator term joint ed. and tr.
942 ## - ADDED ENTRY ELEMENTS (KOHA)
Source of classification or shelving scheme Dewey Decimal Classification
Koha item type Books
Holdings
Lost status Source of classification or shelving scheme Damaged status Not for loan Permanent Location Current Location Shelving location Date acquired Source of acquisition Cost, normal purchase price Total Checkouts Full call number Date last seen Copy number Koha item type
  Dewey Decimal Classification   Added to bundle Central Library, University of Rajshahi Central Library, University of Rajshahi Reading Room 28/09/1966 A. I. Qurishi 9.60   892.7082 HOI 1944 09/03/2014 C-1 Books